00779cam a22002654a 450000100090000000300040000900500170001300800410003001000170007102000150008804000180010304200080012105000210012908200180015010000220016824500720019025000120026226000450027430000350031950400300035450400510038465000310043565000190046670000280048512177664OSt20230915113710.0000918s2001 ilua b 001 0 eng  a 00047239  a0736031871 aDLCcDLCdDLC apcc00aRJ133b.H34 200100a612.76bHAY/L1 aHaywood, Kathleen10aLife span motor development /cKathleen M. Haywood, Nancy Getchell. a3rd ed. aChampaign, IL :bHuman Kinetics,cc2001. axvii, 390 p. :bill. ;c29 cm. a"References": p. 357-379. aIncludes bibliographical references and index. 0aMotor ability in children. 0aMotor ability.1 aGetchell, Nancy,d1963-